| 000 | 00528nam a22001817a 4500 | ||
|---|---|---|---|
| 005 | 20251108172524.0 | ||
| 008 | 250721s9999 xx 000 0 ara d | ||
| 082 | 1 | 4 | _a355.02مهر |
| 100 | 1 | _aمهر، غازي إسماعيل | |
| 245 | 1 | 0 | _aمبادئ الحرب في صدر الإسلام / |
| 264 | 1 |
_aعمان : _bوزارة الثقافة، |
|
| 300 | _a177ص | ||
| 650 | 1 | 7 | _aالحرب |
| 650 | 1 | 7 | _aالتاريخ الإسلامي |
| 650 | 1 | 7 | _aعصر صدر الإسلام |
| 942 |
_2ddc _cBK |
||
| 999 |
_c81500 _d81500 |
||